000 00268nam a2200121 a 4500
008 101025s1962|||| d
245 1 0 _aUrazený
100 1 _aMetter, Izrail
260 _bSVKL
_aBratislava
_c1962
041 _aslo
044 _axo
_cSK
020 _c13,20
999 _c12199
_d12199